Statistiken für Top 15 Länder mit Covid-19-Todesfällen - 24. Oktober

Klicken Sie hier um das Quiz zu spielen!

Allgemein

  • Dieses Quiz wurde 12 mal gespielt
  • Das Durchschnittsergebnis liegt bei 14 aus 20

Antwortstatistiken

Land% Korrekt
Argentinien
91%
Indien
91%
Peru
91%
Vereinigte Staaten
91%
Brasilien
82%
Chile
82%
Italien
82%
Spanien
82%
Südafrika
82%
Frankreich
73%
Kolumbien
73%
Mexiko
73%
Russland
73%
Vereinigtes Königreich
73%
Iran
64%
Belgien
45%
Bolivien
45%
Schweden
45%
Ecuador
36%
Panama
36%

Verteilung der Resultate

Perzentil nach korrekt beantworteten Fragen

Anzahl Personen mit jedem Resultat

Ihre Resultats-Entwicklung

Sie haben dieses Quiz noch nicht gespielt